Modernizing administrative management: Management techniques and administrative research. 2 V. (Record no. 36557)

MARC details
000 -LEADER
fixed length control field 00327nam a2200109Ia 4500
082 ## - DEWEY DECIMAL CLASSIFICATION NUMBER
Classification number 065
Item number GOE.1-2
100 ## - MAIN ENTRY--AUTHOR NAME
Personal name Goel, S L
245 #0 - TITLE STATEMENT
Title Modernizing administrative management: Management techniques and administrative research. 2 V.
260 ## - PUBLICATION, DISTRIBUTION, ETC. (IMPRINT)
Place of publication India
Name of publisher Arun
Year of publication 1981
942 ## - ADDED ENTRY ELEMENTS (KOHA)
Koha item type Books
Holdings
Withdrawn status Lost status Damaged status Not for loan Home library Current library Date acquired Cost, normal purchase price Full call number Accession Number Koha item type
        RRII Library RRII Library 16/12/2021 75.00 065 GOE.1-2 16963 Books